000 00874cam a2200289 4500
001 782527
003 ARRUPE
005 20161026111202.0
008 730501s1972 enk b 001 0 eng
010 _a 73154085
015 _aB72-32190
020 _a0140806253
040 _aDLC
_cDLC
_dDLC
043 _ae-uk---
050 0 0 _aHD6483.M26
082 0 0 _a331.88/0942
100 1 _aMcCarthy, W. E. J. (comp.)
_q(William Edward John),
_ecomp.
_926901
245 1 0 _aTrade unions:
_b selected readings;
_cedited by W. E. J. McCarthy.
260 _aHarmondsworth,
_bPenguin,
_c1972.
300 _a416 p.;
_c18 cm.
350 _a£0.60
504 _aBibliography: p. 401-404.
650 0 _aTrade unions.
_xAddresses
_926902
650 0 _aTrade unions
_zGreat Britain.
_xAddresses
_926903
906 _a7
_bcbc
_corignew
_d3
_encip
_f19
_gy-gencatlg
942 _2lcc
_cMONOGRAPH
999 _c125553
_d125553